| 000 | 01085cam a2200289 a 4500 | ||
|---|---|---|---|
| 001 | 3349802 | ||
| 003 | ARRUPE | ||
| 005 | 20161017141119.0 | ||
| 008 | 860225s1983 rh r f001 0 eng | ||
| 010 | _a 85980326 | ||
| 040 |
_aDLC _cDLC _dDLC |
||
| 043 | _af-rh--- | ||
| 050 | 0 | 0 | _aREF LC5258.Z55Z57 1983 |
| 082 | 0 | 0 |
_a374/.96891 _219 |
| 110 |
_aZimbabwe Non-Formal Education Section _926795 |
||
| 245 | 1 | 0 |
_aDirectory of adult and community education agencies in Zimbabwe. _cby Zimbabwe Non-Formal Education Section |
| 260 |
_aHarare _bMinistry of Education and Culture, Non-formal Education Section, _c1983 |
||
| 300 |
_avii, 214 p.; _c20 cm. |
||
| 500 | _a"January 1983." | ||
| 500 | _aIncludes index. | ||
| 650 | 0 |
_aAdult education _zZimbabwe _xDirectories. _926796 |
|
| 650 | 0 |
_aOccupational training _zZimbabwe _xDirectories. _926797 |
|
| 650 | 0 |
_aNon-formal education _zZimbabwe _xInformation services _xDirectories. _926798 |
|
| 710 | 1 |
_aZimbabwe. _bNon-formal Education Section. _926799 |
|
| 906 |
_a7 _bcbc _corignew _d3 _encip _f19 _gy-gencatlg |
||
| 942 |
_2lcc _cMONOGRAPH |
||
| 999 |
_c125526 _d125526 |
||